Statistics for Top 10 Brazilian PL scorers

Click here to take the quiz!

General Stats

  • This quiz has been taken 25 times
  • The average score is 4 of 10

Answer Stats

HintAnswer% Correct
31Coutinho
71%
21Firmino
67%
21Oscar
62%
14Robinho
62%
18Willian
57%
29Juninho
38%
17Silva
38%
17Ramires
33%
14Elano
14%
14Geovanni
0%

Score Distribution

Percentile by Number Answered

Percent of People with Each Score

Your Score History

You have not taken this quiz